| 000 | 00842nam a22002291a 4500 | ||
|---|---|---|---|
| 001 | 13250 | ||
| 003 | BD-RjUL | ||
| 005 | 20211208235427.0 | ||
| 008 | 140130s1959 enk 000 0 d | ||
| 035 | _a(BD-RjUL)13301 | ||
| 040 |
_aABN:1 _beng _cABN:1 _dABN:1 _dBD-RjUL |
||
| 041 | _aeng | ||
| 082 | 0 | 4 |
_a616.238 _bBRO 1959 _223 |
| 245 | 0 | 0 |
_aBronchial Asthma : _ba symposium. Report of a meeting held on 25th February 1959 at the Royal Society of Medicine, Wimpole Street, London / _cChairman: J. L. Livingstone [and] Sir Geoffrey Manshall. |
| 260 |
_aLondon : _bChest and Heart Association, _c1959. |
||
| 300 |
_a96 p. : _bill.; _c20 cm. |
||
| 650 | 0 |
_aAsthma. _941263 |
|
| 700 | 1 |
_aLivingstone, J. L. _941264 |
|
| 710 | 2 |
_aRoyal Society of Medicine (Great Britain) _941265 |
|
| 710 | 2 |
_aChest and Heart Association. _939157 |
|
| 942 |
_2ddc _cBK |
||
| 999 |
_c13250 _d13250 |
||